000 01069nam a22002537a 4500
005 20170124102958.0
010 _aB-151126
020 _c300.00
_a81214025221
035 _aB-151126
037 _bCen Lib/Ret
040 _aDPL
_bHN
082 _a
_bभटना
100 _aभटनागर, राजेन्द्रमोहन
_94556
245 _aवैलेंटाईन डे /
_cराजेन्द्रमोहन भटनागर
246 _aVelantine day /
_bby Rajendramohan Bhatnagar
260 _bनेशनल पब्लिशिंग हाउस
_aनयी दिल्ली
_c2004
270 _bनयी दिल्ली
_a2/35 अंसारी रोड, दरयागंज
_e110002
300 _ax,277पृ.
_c21सेमी(सजिल्द )
650 _a हिंदी साहित्य
_x
_z
_953891
650 _a हिंदी उपन्यास
_953892
650 _aHindi literature
_953893
650 _aHindi fiction
_927248
942 _2ddc
_cHN
_h
_mभटना
999 _c113799
_d113799